| 000 | 00473nam a2200193Ia 4500 | ||
|---|---|---|---|
| 005 | 20240823024244.0 | ||
| 008 | 240823s9999||||xx |||||||||||||| ||und|| | ||
| 020 | _a81-85099-14-6 | ||
| 041 | _aENGLISH | ||
| 082 | _A670.423 P9 | ||
| 100 | _aChoudhury Hajra S K et al. | ||
| 245 | 0 | _aElements of workshop Technology | |
| 250 | _a14th | ||
| 260 |
_c2009 _b#VALUE! |
||
| 500 | _aISSUED | ||
| 650 |
_aWorkshop Technology _bMechanical |
||
| 942 | _cBK | ||
| 999 |
_c183491 _d183491 |
||